000 00456nam a2200181Ia 4500
003 GCL
008 140319s9999 xx 000 0 eng d
040 _aGCL /
_cGCL
082 0 4 _a641.34304
_bD C
100 1 _aALBRIGO, GENE
245 1 0 _aCITRUS /
_cALBRIGO, GENE
700 1 _aDAVIES, FREDERICK S.
260 _a[S.N] :
_bC. A. B INTERNATIONAL ،
_c1994
300 _a254 P P
650 0 4 _aTBRTICULTURAL CROPS
650 0 4 _aCITRUS
942 _2ddc
_cBK
999 _c16845
_d16845